Diagnóstico y tratamiento de las patologías de la articulación temporomandibular (Registro nro. 13862)
[ vista simple ]
| 000 -Cabecera | |
|---|---|
| Campo de control de longitud fija | 00774nam a22002777a 4500 |
| 005 - Fecha y hora de la última transacción | |
| Campo de control | 20260409090621.0 |
| 008 - Elementos de longitud fija--Información general | |
| Campo de control de longitud fija | 260128b2023 |||||||| |||| 00| 0 spa d |
| 020 ## - International Standard Book Number | |
| Número Internacional Estándar del Libro (ISBN) | 9789287528581 |
| 041 ## - Idioma | |
| Código de idioma | Español |
| 082 ## - Clasificación Decimal Dewey | |
| Número de clasificación | 617.64 W967d |
| 100 ## - Entrada principal--Autor personal | |
| Nombre personal | Wurgaft, Rosita |
| 245 ## - Título propiamente dicho | |
| Título | Diagnóstico y tratamiento de las patologías de la articulación temporomandibular |
| 260 ## - Pie de imprenta | |
| Lugar de publicación, distribución, etc. | Colombia |
| 260 ## - Pie de imprenta | |
| Nombre del editor, distribuidor, etc. | AMOLCA |
| 260 ## - Pie de imprenta | |
| Nombre del editor, distribuidor, etc. | 2023 |
| 300 ## - Descripción física | |
| Extensión | 292 páginas |
| 300 ## - Descripción física | |
| Otras características físicas | Fotografías a color |
| 490 ## - Serie | |
| Título de la Serie | Mecánica Dental |
| 650 ## - Materia general | |
| Temática (materia general) | ORTODONCIA |
| 650 ## - Materia general | |
| Temática (materia general) | ARTICULACIÓN TEMPOROMANDIBULAR |
| 650 ## - Materia general | |
| Temática (materia general) | SISTEMA CRANEOMANDIBULAR |
| 650 ## - Materia general | |
| Temática (materia general) | PATOLOGÍA CRANEOFACIAL |
| 650 ## - Materia general | |
| Temática (materia general) | PATOLOGÍA TEMPOROMANDIBULAR |
| 650 ## - Materia general | |
| Temática (materia general) | NERVIO TRIGEMINO |
| 942 ## - Punto de acceso adicional KOHA | |
| Fuente del sistema de clasificación o colocación | Dewey Decimal Classification |
| Tipo de ítem KOHA | Libro |
| Signatura completa | Código de barras | Programa Académico | Tipo de ítem |
|---|---|---|---|
| 617.64 W967d | 26188 | Mecánica Dental | Libro |